Fallen, Standing; (Record no. 210581)

MARC details
000 -LEADER
fixed length control field 00548nam a22001937a 4500
005 - DATE AND TIME OF LATEST TRANSACTION
control field 20250328145240.0
010 ## - LCCN (DPL NO)
LC control number ENG-144356
020 ## - INTERNATIONAL STANDARD BOOK NUMBER
International Standard Book Number 9788188965915
Terms of availability 325.00
035 ## - SYSTEM CONTROL NUMBER
System control number EN-127888
037 ## - SOURCE OF ACQUISITION
Source of stock number/acquisition DBAD
082 ## - DEWEY DECIMAL CLASSIFICATION NUMBER
Classification number N
Edition number 1
100 ## - MAIN ENTRY--PERSONAL NAME
Personal name Valliappan, Reshma
245 ## - TITLE STATEMENT
Title Fallen, Standing;
Remainder of title My life as a Schizophrenist/
Statement of responsibility, etc Reshma Valliappan
260 ## - PUBLICATION, DISTRIBUTION, ETC. (IMPRINT)
Place of publication, distribution, etc New Delhi
Name of publisher, distributor, etc Women Unlimited
Date of publication, distribution, etc 2015
270 ## - ADDRESS
Address 7/10, FF, Sarvapriya Vihar
City New Delhi
Postal code 110016
300 ## - PHYSICAL DESCRIPTION
Extent 260 p.
Dimensions 22 cm.(Pb)
700 ## - ADDED ENTRY--PERSONAL NAME
9 (RLIN) 76691
942 ## - ADDED ENTRY ELEMENTS (KOHA)
Source of classification or shelving scheme Dewey Decimal Classification
Item type English Books
Classification part N
Call number suffix VAL
Holdings
Withdrawn status Lost status Not for loan Collection code Home library Current library Date acquired Source of acquisition Cost, normal purchase price Full call number Barcode Copy number Cost, replacement price Koha item type
      Fiction Janak Puri Janak Puri 28/03/2025 DBAD 325.00 N VAL EN-127888 1 325.00 English Books

© Delhi Public Library
Hit Counter
free hit counter